Estatísticas para Famosos da América do Sul

Clique aqui para jogar o quiz

Estatísticas Gerais

  • Esse quiz foi jogado 5 195 vezes
  • A pontuação média é 12 de 20

Estatísticas das Respostas

DicaNaçãoPessoa% Correto
Seis vezes melhor jogador do mundo pela FIFAArgentinaLionel Messi
97%
Único jogador a ter ganho 3 Copas do Mundo da FIFABrasilPelé
96%
Presidente popular do Brasil de 2002 a 2011BrasilLula da Silva
94%
Tricampeão de Fórmula 1 que faleceu durante uma corrida em 1994BrasilAyrton Senna
92%
Artilheiro da "Mão de Deus" que levou a Argentina a um título da Copa do MundoArgentinaDiego Maradona
90%
Papa sulamericanoArgentinaPapa Francisco
89%
Supermodelo casada com Tom BradyBrasilGisele Bündchen
84%
Líder revolucionário cubano com uma boina únicaArgentinaChe Guevara
79%
Rei das drogas de MedellínColômbiaPablo Escobar
74%
Arquiteto modernista que desenhou marcos em Brasília,
e morreu aos 104 anos
BrasilOscar Niemeyer
70%
Cantora de muitos sucessos incluindo "Hips Don't Lie"ColômbiaShakira
69%
Compositor de "Garota de Ipanema"BrasilAntônio Carlos Jobim
68%
General e ditador de seu país entre 1973 e 1990ChileAugusto Pinochet
41%
Antiga primeira-dama apelidada de "Evita"ArgentinaEva Perón
36%
Líder da descolonização da América do Sul durante o século 19VenezuelaSimón Bolívar
36%
Uma das estrelas da série "Modern Family"ColômbiaSofía Vergara
31%
Mestre de jiu-jitsu que ganhou o primeiro torneio de UFCBrasilRoyce Gracie
23%
Autor de "Cem Anos de Solidão"ColômbiaGabriel García Márquez
22%
Poeta ganhador do Prêmio Nobel que por vezes escreve com tinta verdeChilePablo Neruda
20%
Jogador de beisebol do Detroit Tigers e ganhador da Tríplice Coroa em 2012VenezuelaMiguel Cabrera
5%

Distribuição das Pontuações

Percentil de Números Respondidos

Porcentagem de Pessoas com Cada Pontuação

Sua Pontuação Histórica

Você não jogou esse quiz